000 01030nam a2200193 a 4500
008 161215e1994 ag |||g |||| 00| f spa d
020 _a9500702916
041 _aspa
092 _c863
_l3
_sALL
100 1 _aAllende, Isabel
_93210
245 3 _aLa casa de los espíritus /
_cIsabel Allende
250 _a33a ed.
260 _aBuenos Aires:
_bSudamericana;
_c1994.
300 _a363 p.
500 _aAllende, I. (1994). La casa de los espíritus. (33a ed.). Buenos Aires : Sudamericana.
505 _aDesde principios de siglo hasta la actualidad, este relato sigue la vida de Esteban Trueba, de su mujer, de sus hijos legítimos y naturales, de sus nietos. La saga de una familia y de un mundo: historia del arrebato del autoritarismos, los desbordes de la fantasía, la interpenetración de lo irreal y lo ilusorio. Todo ello en un espacio donde la violencia, la lucha y la esperanza coinciden: un espacio en el cual puede reconocerse el vivir de los países latinoamericanos.
655 _aNovela
_93091
942 _2ddc
_cLIT
999 _c3310
_d3310